<?xml version="1.0" encoding="UTF-8"?>
<record
    xmlns:xsi="http://www.w3.org/2001/XMLSchema-instance"
    xsi:schemaLocation="http://www.loc.gov/MARC21/slim http://www.loc.gov/standards/marcxml/schema/MARC21slim.xsd"
    xmlns="http://www.loc.gov/MARC21/slim">

  <leader>02092    a2200241   4500</leader>
  <controlfield tag="001">3447</controlfield>
  <controlfield tag="005">20260407155429.0</controlfield>
  <controlfield tag="008">260407a2011    arg                 spa d</controlfield>
  <controlfield tag="003">AR-UNSa-BCEJYS</controlfield>
  <datafield tag="040" ind1=" " ind2=" ">
    <subfield code="a">AR-UNSa-BCEJYS</subfield>
    <subfield code="b">spa</subfield>
    <subfield code="c">AR-UNSa-BCEJYS</subfield>
  </datafield>
  <datafield tag="080" ind1=" " ind2=" ">
    <subfield code="a">330.101.541</subfield>
    <subfield code="x">Macroeconom&#xED;a</subfield>
  </datafield>
  <datafield tag="245" ind1="1" ind2="0">
    <subfield code="a">Macroeconom&#xED;a</subfield>
    <subfield code="p">aplicaciones para Latinoam&#xE9;rica</subfield>
  </datafield>
  <datafield tag="020" ind1=" " ind2=" ">
    <subfield code="a">978-987-615-130-6</subfield>
  </datafield>
  <datafield tag="250" ind1=" " ind2=" ">
    <subfield code="a">2a. ed.</subfield>
  </datafield>
  <datafield tag="264" ind1=" " ind2="1">
    <subfield code="a">Buenos Aires :</subfield>
    <subfield code="b">Pearson Educaci&#xF3;n</subfield>
    <subfield code="c">2011</subfield>
  </datafield>
  <datafield tag="300" ind1=" " ind2=" ">
    <subfield code="a">xxxii, 861 p.</subfield>
    <subfield code="c">27 cm.</subfield>
  </datafield>
  <datafield tag="505" ind1=" " ind2=" ">
    <subfield code="a">1. Una gira por el mundo - 2. Una gira por el libro - 3. El mercado de bienes - 4. Los mercados financieros - 5. Los mercados de bienes y financieros: el modelo IS y LM - 6. El mercado del trabajo - 7. An&#xE1;lisis conjunto de todos los mercados: el modelo OA-DA - 8. La tasa natural de desempleo y curva de Phillips - 9. La inflaci&#xF3;n, la actividad econ&#xF3;mica y el crecimiento de la cantidad nominal de dinero - 10. Los hechos del crecimiento - 11. El ahorro, la acumulaci&#xF3;n de capital y la producci&#xF3;n - 12. El progreso tecnol&#xF3;gico, el crecimiento y el desarrollo - 13. El progreso tecnol&#xF3;gico, los salarios y el desempleo - 14. Las expectativas: los instrumentos b&#xE1;sicos - 15. Los mercados financieros y las expectativas - 16. Las expectativas, el consumo y la inversi&#xF3;n - 17. Las expectativas, la producci&#xF3;n y la pol&#xED;tica macroecon&#xF3;mica - 18. La apertura de los mercados de bienes y financieros - 19. El mercado de bienes en una econom&#xED;a abierta - 20. La producci&#xF3;n, el tipo de inter&#xE9;s y el tipo de cambio - 21. Los sistemas de tipo de cambio - 22. Las depresiones y las crisis - 23. La inflaci&#xF3;n alta - 24. &#xBF;Deben imponerse limitaciones a las autoridades econ&#xF3;micas? - 25. La pol&#xED;tica monetaria: recapitulaci&#xF3;n - 26. La pol&#xED;tica fiscal: recapitulaci&#xF3;n - 27. Ep&#xED;logo: la historia de la macroeconom&#xED;a
  </subfield>
  </datafield>
  <datafield tag="942" ind1=" " ind2=" ">
    <subfield code="c">BK</subfield>
  </datafield>
  <datafield tag="590" ind1=" " ind2=" ">
    <subfield code="a">niveau_biblio:m niveau_hierar:0</subfield>
  </datafield>
  <datafield tag="100" ind1="1" ind2=" ">
    <subfield code="a">Blanchard, Olivier</subfield>
  </datafield>
  <datafield tag="700" ind1="1" ind2=" ">
    <subfield code="a">P&#xE9;rez Enrri, Daniel</subfield>
  </datafield>
  <datafield tag="856" ind1="4" ind2="1">
    <subfield code="u">https://biblioeco.unsa.edu.ar/pmb/images/libros/Macroeconomia-l118338.jpg</subfield>
    <subfield code="y">Imagen de portada</subfield>
    <subfield code="q">image/jpeg</subfield>
  </datafield>
  <datafield tag="999" ind1=" " ind2=" ">
    <subfield code="c">334</subfield>
    <subfield code="d">334</subfield>
  </datafield>
  <datafield tag="952" ind1=" " ind2=" ">
    <subfield code="0">0</subfield>
    <subfield code="1">0</subfield>
    <subfield code="4">0</subfield>
    <subfield code="7">0</subfield>
    <subfield code="a">BCEJYS</subfield>
    <subfield code="b">BCEJYS</subfield>
    <subfield code="c">16</subfield>
    <subfield code="d">2026-04-07</subfield>
    <subfield code="l">0</subfield>
    <subfield code="o">330.101.541 B638 2ed.</subfield>
    <subfield code="p">L118339</subfield>
    <subfield code="r">2026-04-07 15:54:29</subfield>
    <subfield code="w">2026-04-07</subfield>
    <subfield code="y">L</subfield>
  </datafield>
  <datafield tag="952" ind1=" " ind2=" ">
    <subfield code="0">0</subfield>
    <subfield code="1">0</subfield>
    <subfield code="4">0</subfield>
    <subfield code="7">0</subfield>
    <subfield code="a">BCEJYS</subfield>
    <subfield code="b">BCEJYS</subfield>
    <subfield code="c">16</subfield>
    <subfield code="d">2026-04-07</subfield>
    <subfield code="l">0</subfield>
    <subfield code="o">330.101.541 B638 2ed.</subfield>
    <subfield code="p">L118338</subfield>
    <subfield code="r">2026-04-07 15:54:29</subfield>
    <subfield code="w">2026-04-07</subfield>
    <subfield code="y">L</subfield>
  </datafield>
  <datafield tag="952" ind1=" " ind2=" ">
    <subfield code="0">0</subfield>
    <subfield code="1">0</subfield>
    <subfield code="4">0</subfield>
    <subfield code="7">0</subfield>
    <subfield code="a">BCEJYS</subfield>
    <subfield code="b">BCEJYS</subfield>
    <subfield code="c">16</subfield>
    <subfield code="d">2026-04-07</subfield>
    <subfield code="l">0</subfield>
    <subfield code="o">330.101.541 B638 2ed.</subfield>
    <subfield code="p">L118815</subfield>
    <subfield code="r">2026-04-07 15:54:29</subfield>
    <subfield code="w">2026-04-07</subfield>
    <subfield code="y">L</subfield>
  </datafield>
  <datafield tag="952" ind1=" " ind2=" ">
    <subfield code="0">0</subfield>
    <subfield code="1">0</subfield>
    <subfield code="4">0</subfield>
    <subfield code="7">0</subfield>
    <subfield code="a">BCEJYS</subfield>
    <subfield code="b">BCEJYS</subfield>
    <subfield code="c">16</subfield>
    <subfield code="d">2026-04-07</subfield>
    <subfield code="l">0</subfield>
    <subfield code="o">330.101.541 B638 2ed.</subfield>
    <subfield code="p">L118816</subfield>
    <subfield code="r">2026-04-07 15:54:29</subfield>
    <subfield code="w">2026-04-07</subfield>
    <subfield code="y">L</subfield>
  </datafield>
</record>
